Functional data analysis with R and MATLAB
Furkejuvvon:
| Váldodahkkit: | , , |
|---|---|
| Materiálatiipa: | Girji |
| Giella: | eaŋgalasgiella |
| Almmustuhtton: |
Nueva York
Springer
2009
|
| Preanttus: | 1a. ed |
| Ráidu: | Use R!
|
| Fáttát: | |
| Fáddágilkorat: |
Lasit fáddágilkoriid
Eai fáddágilkorat, Lasit vuosttaš fáddágilkora!
|
MARC
| LEADER | 00000cam a2200000 a 4500 | ||
|---|---|---|---|
| 001 | UCE5187 | ||
| 003 | CL-VaPUC | ||
| 008 | 141211e20090000us |||||||||||||||||eng|d | ||
| 020 | |a 9780387981840 | ||
| 082 | 0 | 4 | |a 519.535 |b RAM |2 21 |
| 100 | 0 | |a Ramsay, J. O |e author |9 577674 | |
| 700 | 0 | |a Hooker, Giles |e author |9 577675 | |
| 700 | 0 | |a Graves, Spencer |e author |9 577676 | |
| 245 | 1 | 0 | |a Functional data analysis with R and MATLAB |
| 250 | |a 1a. ed | ||
| 300 | |a 207 p | ||
| 942 | |c BK | ||
| 945 | |d 20141211 14:14:00 |a dcastane | ||
| 260 | |a Nueva York |b Springer |c 2009 | ||
| 650 | 0 | |a Análisis multivariable |9 346260 | |
| 650 | 0 | |a Proceso de datos |9 259776 | |
| 650 | 0 | |a Análisis de datos |9 269871 | |
| 583 | |a last modification |c 20141211 14:14:00 |k Rodrigo Vera | ||
| 490 | 0 | |a Use R! | |
| 999 | |c 357949 |d 357947 | ||
| 952 | |0 0 |1 2 |3 erb |4 0 |6 519_535000000000000_RAM_2009 |7 0 |8 A |9 466136 |a BIBGIM |b BIBGIM |i 5129702 |o 519.535 RAM 2009 |p 5129702 |r 2019-11-23 |w 2019-11-23 |y BK |z Catalogado en:20141211 |k EST | ||
| 952 | |0 0 |1 0 |3 erb |4 0 |6 519_535000000000000_RAM_2009 |7 0 |8 A |9 466137 |a BIBGIM |b BIBGIM |i 5129710 |l 2 |o 519.535 RAM 2009 |p 5129710 |r 2025-01-15 |s 2020-03-05 |w 2019-11-23 |y BK |z Catalogado en:20141211 |k EST | ||